| 000 | 00630nam a2200217Ia 4500 | ||
|---|---|---|---|
| 001 | 196 | ||
| 003 | AR-BaAGN | ||
| 005 | 20231117102239.0 | ||
| 007 | ta | ||
| 008 | 211206s9999 xx 000 0 spa d | ||
| 040 |
_aAR-BaAGN _bspa _eaacr |
||
| 100 | 1 |
_aCarril, Salvador MarÃa del, _d1798-1883 _95612 |
|
| 245 | 1 | 0 |
_aLos sanjuaninos: _b[carta al Gral. N. Benavides, enero 30 de 1853] |
| 260 |
_a[Lugar de publicación no identificado] : _b[editor no identificado], _c[1853] |
||
| 300 | _a1 volumen | ||
| 336 |
_2rdacontent _btxt |
||
| 337 |
_2rdamedia _bn |
||
| 338 |
_2rdacarrier _bnc |
||
| 500 | _aRecortes | ||
| 942 |
_2ddc _n0 _cLIBRO |
||
| 999 |
_c196 _d196 |
||